[Event "Munich Whitsun op-A 3rd"]
[Site "Munich"]
[Date "2025.06.14"]
[Round "9"]
[White "Langner, Robin"]
[Black "Avdic, Faris"]
[Result "0-1"]
[WhiteElo "2117"]
[BlackElo "2249"]
[PlyCount "92"]
[EventDate "2025.06.08"]
[EventType "swiss"]
[EventRounds "9"]
[EventCountry "GER"]
[SourceTitle "CB26_2025"]
[SourceDate "2025.06.25"]
[SourceVersion "1"]
[SourceVersionDate "2025.06.25"]
[SourceQuality "1"]

1. d4 e6 2. c4 b6 3. e4 Bb4+ 4. Bd2 Bxd2+ 5. Qxd2 d5 6. exd5 exd5 7. Nc3 Nf6 8. Nf3 0-0 9. 0-0-0 Nc6 10. h4 Ne7 11. h5 h6 12. Ne5 Be6 13. Be2 dxc4 14. g4 Ned5 15. Bf3 Nxc3 16. bxc3 Bd5 17. Rde1 Bxf3 18. Nxf3 Qd5 19. Qf4 Qa5 20. Kb2 Nd5 21. Qd2 f6 22. Nh4 b5 23. a3 Rab8 24. Ra1 Qa4 25. Qc2 Rfe8 26. Rhe1 Nf4 27. Qxa4 bxa4+ 28. Kc2 Rxe1 29. Rxe1 Kf7 30. Nf5 Nd5 31. Ne3 Nxe3+ 32. fxe3 Rb3 33. Ra1 Ke6 34. e4 Kd6 35. Ra2 c5 36. d5 Ke5 37. Rb2 Rxa3 38. Rb7 Ra2+ 39. Rb2 Ra3 40. Rb7 Rb3 41. Rxb3 axb3+ 42. Kb2 Kd6 43. Ka3 Ke7 44. Kb2 Kf7 45. Ka3 g6 46. e5 gxh5 0-1

[Event "Karlsruhe Grenke op"]
[Site "Karlsruhe"]
[Date "2025.04.19"]
[Round "5"]
[White "Langner, Robin"]
[Black "Pajeken, Jakob Leon"]
[Result "0-1"]
[WhiteElo "2061"]
[BlackElo "2435"]
[PlyCount "44"]
[EventDate "2025.04.17"]
[EventType "swiss"]
[EventRounds "9"]
[EventCountry "GER"]
[SourceTitle "CB17_2025"]
[SourceDate "2025.04.23"]
[SourceVersion "1"]
[SourceVersionDate "2025.04.23"]
[SourceQuality "1"]

1. d4 e6 2. c4 b6 3. e4 Bb4+ 4. Bd2 Bxd2+ 5. Qxd2 d5 6. exd5 exd5 7. Nc3 Ne7 8. Nf3 0-0 9. 0-0-0 Nd7 10. g4 Bb7 11. Rg1 dxc4 12. Rg3 Nd5 13. Bxc4 Nxc3 14. Qxc3 Nf6 15. Rh3 Ne4 16. Qc2 Ng5 17. Nxg5 Qxg5+ 18. Kb1 g6 19. f4 Qxf4 20. Qb3 Be4+ 21. Ka1 Rae8 22. Rf1 Bg2 0-1

[Event "Bodensee op"]
[Site "Bregenz"]
[Date "2024.05.08"]
[Round "5"]
[White "Bezemer, Arno J"]
[Black "Langner, Robin"]
[Result "1-0"]
[WhiteElo "2204"]
[BlackElo "1987"]
[PlyCount "53"]
[EventDate "2024.05.04"]
[EventType "swiss"]
[EventRounds "9"]
[EventCountry "AUT"]
[SourceTitle "CBM 220 Extra"]
[Source "ChessBase"]
[SourceDate "2024.07.31"]
[SourceVersion "1"]
[SourceVersionDate "2024.07.31"]
[SourceQuality "1"]

1. d4 Nf6 2. c4 g6 3. Nc3 d5 4. cxd5 Nxd5 5. e4 Nxc3 6. bxc3 Bg7 7. Nf3 c5 8. h3 0-0 9. Be2 Nc6 10. Be3 Qa5 11. Bd2 cxd4 12. cxd4 Qa3 13. d5 Ne5 14. 0-0 e6 15. Rb1 Nxf3+ 16. Bxf3 Qxa2 17. Bg5 f6 18. Be3 Rd8 19. Qc1 b6 20. Qc7 Bd7 21. Ra1 Qb2 22. Rxa7 Rxa7 23. Qxd8+ Kf7 24. Bxb6 Rb7 25. Bc5 exd5 26. Qe7+ Kg8 27. e5 1-0

[Event "Bodensee op"]
[Site "Bregenz"]
[Date "2024.05.05"]
[Round "2"]
[White "Loibl, Johann"]
[Black "Langner, Robin"]
[Result "0-1"]
[WhiteElo "1841"]
[BlackElo "1987"]
[PlyCount "56"]
[EventDate "2024.05.04"]
[EventType "swiss"]
[EventRounds "9"]
[EventCountry "AUT"]
[SourceTitle "CBM 220 Extra"]
[Source "ChessBase"]
[SourceDate "2024.07.31"]
[SourceVersion "1"]
[SourceVersionDate "2024.07.31"]
[SourceQuality "1"]

1. e4 c5 2. b4 cxb4 3. a3 e5 4. Nf3 Nc6 5. Bb2 Qb6 6. axb4 Qxb4 7. Bc3 Qxe4+ 8. Be2 Nf6 9. 0-0 Bc5 10. Bd3 Qd5 11. Bxe5 Nxe5 12. Nxe5 0-0 13. Nf3 Qc6 14. Nc3 d5 15. Bb5 Qc7 16. d4 Bd6 17. Qd3 g6 18. Rfb1 Bf5 19. Qd2 Bf4 20. Qe1 Bxc2 21. Rc1 Bxc1 22. Rxc1 Bb3 23. Nxd5 Qd6 24. Ne7+ Kg7 25. Nh4 Be6 26. d5 Qxe7 27. dxe6 Qxe6 28. Qd2 Rac8 0-1

[Event "Verbandsliga Suedbaden 2324"]
[Site "Baden"]
[Date "2023.12.10"]
[Round "4.3"]
[White "Langner, Robin"]
[Black "Germer, Philipp"]
[Result "1/2-1/2"]
[WhiteElo "1878"]
[BlackElo "2129"]
[PlyCount "78"]
[EventDate "2023.09.24"]
[EventType "team-tourn"]
[EventRounds "9"]
[EventCountry "GER"]
[SourceTitle "EXT 2025"]
[Source "ChessBase"]
[SourceDate "2024.10.14"]
[SourceVersion "1"]
[SourceVersionDate "2024.10.14"]
[SourceQuality "1"]
[WhiteTeam "Zaehringen"]
[BlackTeam "Oberwinden"]
[WhiteTeamCountry "GER"]
[BlackTeamCountry "GER"]

1. d4 Nf6 2. c4 e6 3. g3 d5 4. Bg2 Be7 5. Nf3 0-0 6. 0-0 c6 7. Nc3 dxc4 8. Ne5 Nd5 9. Nxc4 b5 10. Ne5 Bb7 11. Qb3 a5 12. a4 b4 13. Ne4 Na6 14. Nd3 Qb6 15. e3 Rac8 16. Rd1 Rfd8 17. Nd2 Nf6 18. Nc4 Qc7 19. e4 Rxd4 20. Bf4 Qd8 21. Be3 c5 22. Bxd4 cxd4 23. Nd2 Nd7 24. Rdc1 Nac5 25. Nxc5 Nxc5 26. Qd1 d3 27. Nb3 g6 28. Nxc5 Bxc5 29. Qd2 Qd4 30. Rd1 Ba6 31. Rab1 Rd8 32. b3 Bb7 33. Rbc1 Bb6 34. Rc4 Qe5 35. Kh1 Ba6 36. Rc6 Qd4 37. Kg1 Bb7 38. Rc4 Qe5 39. Kh1 Ba6 1/2-1/2

[Event "Verbandsliga Suedbaden 2324"]
[Site "Baden"]
[Date "2023.11.12"]
[Round "3.3"]
[White "Schwing, Hans Elmar"]
[Black "Langner, Robin"]
[Result "1/2-1/2"]
[WhiteElo "2302"]
[BlackElo "1878"]
[PlyCount "44"]
[EventDate "2023.09.24"]
[EventType "team-tourn"]
[EventRounds "9"]
[EventCountry "GER"]
[SourceTitle "EXT 2025"]
[Source "ChessBase"]
[SourceDate "2024.10.14"]
[SourceVersion "1"]
[SourceVersionDate "2024.10.14"]
[SourceQuality "1"]
[WhiteTeam "Dreisamtal"]
[BlackTeam "Zaehringen"]
[WhiteTeamCountry "GER"]
[BlackTeamCountry "GER"]

1. d4 Nf6 2. c4 g6 3. Nc3 d5 4. cxd5 Nxd5 5. e4 Nxc3 6. bxc3 Bg7 7. Bc4 c5 8. Ne2 0-0 9. 0-0 Nc6 10. Be3 Na5 11. Bd3 b6 12. Rc1 e6 13. dxc5 Qc7 14. Ng3 bxc5 15. f4 f5 16. Qc2 Rd8 17. Rb1 Bb7 18. Rfd1 Bf8 19. Qe2 Bd6 20. e5 Be7 21. Nf1 Bd5 22. Bf2 c4 1/2-1/2